[Event "Wch U20 Girls 29th"]
[Site "Chennai"]
[Date "2011.08.05"]
[Round "4"]
[White "Savetha, CH."]
[Black "Hansen, Erle Andrea Marki"]
[Result "1-0"]
[WhiteElo "1992"]
[BlackElo "1770"]
[PlyCount "61"]
[EventDate "2011.08.02"]
[EventType "swiss"]
[EventRounds "13"]
[EventCountry "IND"]
[SourceTitle "CBM 143 Extra"]
[Source "ChessBase"]
[SourceDate "2011.08.29"]
[SourceVersion "1"]
[SourceVersionDate "2011.08.29"]
[SourceQuality "1"]

1. e4 c5 2. Nf3 Nc6 3. d4 cxd4 4. Nxd4 Nf6 5. Nc3 e5 6. Ndb5 d6 7. Bg5 a6 8. Na3 b5 9. Nd5 Be7 10. Bxf6 Bxf6 11. c3 Bg5 12. Nc2 Be6 13. a4 Rb8 14. axb5 axb5 15. Ra6 Qc8 16. Ndb4 Nxb4 17. Nxb4 0-0 18. Rxd6 Be7 19. Rd2 Bxb4 20. cxb4 Bc4 21. Rc2 Qa6 22. Qc1 Rfc8 23. Be2 Qg6 24. 0-0 Qxe4 25. Re1 Qd4 26. Rd1 Qe4 27. b3 h6 28. bxc4 bxc4 29. Rxc4 Rxc4 30. Bxc4 Kf8 31. Qd2 1-0

[Event "IND-chB (Women) 38th"]
[Site "Chennai"]
[Date "2011.07.10"]
[Round "11"]
[White "Pratyusha, Bodda"]
[Black "Savetha, CH."]
[Result "1/2-1/2"]
[WhiteElo "2064"]
[BlackElo "1992"]
[PlyCount "100"]
[EventDate "2011.07.02"]
[EventType "swiss"]
[EventRounds "11"]
[EventCountry "IND"]
[SourceTitle "CBM 143 Extra"]
[Source "ChessBase"]
[SourceDate "2011.08.29"]
[SourceVersion "1"]
[SourceVersionDate "2011.08.29"]
[SourceQuality "1"]

1. e4 c5 2. Nf3 Nc6 3. d4 cxd4 4. Nxd4 Nf6 5. Nc3 e5 6. Ndb5 d6 7. Bg5 a6 8. Na3 b5 9. Nd5 Be7 10. Bxf6 Bxf6 11. c4 b4 12. Nc2 a5 13. g3 0-0 14. Bg2 Rb8 15. b3 Bg5 16. 0-0 Be6 17. Qd3 Qd7 18. Nde3 Bxe3 19. Nxe3 Nd4 20. Nc2 Nxc2 21. Qxc2 Qa7 22. Rad1 Qc5 23. Kh1 Rb6 24. f4 f6 25. Qf2 Ra8 26. Rd2 a4 27. Kg1 axb3 28. axb3 Qxf2+ 29. Kxf2 Ra3 30. f5 Bf7 31. c5 Rb8 32. Rxd6 Bxb3 33. Rb6 Rc8 34. Rxb4 Rxc5 35. Rb1 Rc3 36. Bf1 Kf8 37. Kg1 g6 38. fxg6 hxg6 39. Rb2 Kg7 40. Rb7+ Kh6 41. Rf2 Ra1 42. Rxf6 Bc4 43. Rb2 Rcc1 44. Rbf2 Bd3 45. h4 Bxe4 46. Kh2 Bd5 47. Rd6 Ba8 48. Rd8 Be4 49. Rdf8 Bd5 50. Rd8 Be4 1/2-1/2

[Event "IND-chB (Women) 38th"]
[Site "Chennai"]
[Date "2011.07.05"]
[Round "5"]
[White "Nandhidhaa, PV."]
[Black "Savetha, CH."]
[Result "1-0"]
[WhiteElo "2101"]
[BlackElo "1992"]
[PlyCount "223"]
[EventDate "2011.07.02"]
[EventType "swiss"]
[EventRounds "11"]
[EventCountry "IND"]
[SourceTitle "CBM 143 Extra"]
[Source "ChessBase"]
[SourceDate "2011.08.29"]
[SourceVersion "1"]
[SourceVersionDate "2011.08.29"]
[SourceQuality "1"]

1. e4 c5 2. Nf3 Nc6 3. d4 cxd4 4. Nxd4 Nf6 5. Nc3 e5 6. Ndb5 d6 7. Bg5 a6 8. Na3 b5 9. Nd5 Be7 10. Bxf6 Bxf6 11. c4 b4 12. Nc2 a5 13. Qf3 Be7 14. Rd1 0-0 15. c5 dxc5 16. Nf6+ Bxf6 17. Rxd8 Rxd8 18. Bc4 Nd4 19. Nxd4 Rxd4 20. Bd5 Rb8 21. 0-0 Bb7 22. Bxb7 Rxb7 23. Rc1 Rbd7 24. g3 c4 25. Qf5 Rd1+ 26. Kg2 Rxc1 27. Qxd7 g6 28. Qd6 Kg7 29. f4 c3 30. bxc3 bxc3 31. Kh3 exf4 32. gxf4 c2 33. e5 Bg5 34. Qd2 Rh1 35. Qxc2 Bxf4 36. e6 fxe6 37. Qb2+ Kh6 38. Kg4 e5 39. Qa3 Rg1+ 40. Kf3 Bxh2 41. Kf2 Rg5 42. Qxa5 e4 43. Qb4 Rg4 44. Qf8+ Kh5 45. Qe7 h6 46. Qe8 Bg1+ 47. Kf1 e3 48. a4 Kh4 49. a5 Kh3 50. a6 Rg2 51. Qe6+ Kh2 52. Qe5+ Kh3 53. a7 e2+ 54. Qxe2 Rxe2 55. a8Q Re5 56. Qg2+ Kh4 57. Qxg1 Rf5+ 58. Ke2 Kh5 59. Ke3 g5 60. Qh1+ Kg6 61. Qc6+ Kh5 62. Qe8+ Kh4 63. Qg6 Rf4 64. Qxh6+ Kg4 65. Qh7 Rf3+ 66. Ke2 Rf4 67. Ke3 Rf3+ 68. Ke4 Rf4+ 69. Ke5 Kg3 70. Qh1 Kg4 71. Qh6 Rf5+ 72. Ke6 Rf4 73. Qh2 Rf8 74. Qg2+ Kh4 75. Ke5 Rf4 76. Qh1+ Kg4 77. Qg1+ Kh5 78. Qg3 Kh6 79. Qh3+ Kg6 80. Ke6 Re4+ 81. Kd5 Rf4 82. Ke5 Rf8 83. Ke6 Rf4 84. Ke7 Rf7+ 85. Ke8 Rf4 86. Qh2 Rf5 87. Qc2 g4 88. Ke7 Kg5 89. Ke6 Rf3 90. Ke5 Re3+ 91. Kd4 Rf3 92. Qh2 Kf5 93. Qh6 Rh3 94. Qg7 Kf4 95. Qf6+ Kg3 96. Ke4 Kg2 97. Qf4 g3 98. Ke3 Kh1 99. Qg4 Kg2 100. Ke2 Rh1 101. Qe4+ Kh2 102. Qh4+ Kg2 103. Qe4+ Kh2 104. Kf3 Rf1+ 105. Kg4 Rf2 106. Qh7+ Kg2 107. Qc7 Kg1 108. Kxg3 Rg2+ 109. Kh3 Rf2 110. Qc1+ Rf1 111. Qe3+ Kh1 112. Qe4+ 1-0

[Event "IND-chB (Women) 38th"]
[Site "Chennai"]
[Date "2011.07.04"]
[Round "4"]
[White "Savetha, CH."]
[Black "Bhakti, Kulkarni"]
[Result "1/2-1/2"]
[WhiteElo "1992"]
[BlackElo "2317"]
[PlyCount "65"]
[EventDate "2011.07.02"]
[EventType "swiss"]
[EventRounds "11"]
[EventCountry "IND"]
[SourceTitle "CBM 143 Extra"]
[Source "ChessBase"]
[SourceDate "2011.08.29"]
[SourceVersion "1"]
[SourceVersionDate "2011.08.29"]
[SourceQuality "1"]

1. e4 e5 2. Nc3 Nc6 3. Bc4 Nf6 4. d3 Na5 5. f4 Nxc4 6. dxc4 Bb4 7. Qf3 Bxc3+ 8. Qxc3 Qe7 9. Qxe5 Qxe5 10. fxe5 Nxe4 11. Nf3 b6 12. 0-0 Bb7 13. Ng5 0-0 14. Nxe4 Bxe4 15. Rf2 f6 16. exf6 Rxf6 17. Rxf6 gxf6 18. c3 Bd3 19. Bf4 d6 20. b3 a5 21. Rd1 Bg6 22. Rd2 Kf7 23. a3 Re8 24. Kf2 Re4 25. Rd4 Re8 26. b4 axb4 27. cxb4 Be4 28. g3 h5 29. h4 Kg6 30. a4 Bc6 31. c5 dxc5 32. bxc5 bxc5 33. Rc4 1/2-1/2

[Event "IND-chB (Women)"]
[Site "Shilpgram"]
[Date "2010.08.26"]
[Round "9"]
[White "Savetha, CH."]
[Black "Smaraki, Mohanty"]
[Result "1-0"]
[WhiteElo "2008"]
[BlackElo "1644"]
[PlyCount "97"]
[EventDate "2010.08.20"]
[EventType "swiss"]
[EventRounds "11"]
[EventCountry "IND"]
[SourceTitle "CBM 138 Extra"]
[Source "ChessBase"]
[SourceDate "2010.10.29"]
[SourceVersion "1"]
[SourceVersionDate "2010.10.29"]
[SourceQuality "1"]

1. e4 c6 2. d4 d5 3. Nc3 dxe4 4. Nxe4 Bf5 5. Ng3 Bg6 6. h4 h6 7. Nf3 Nd7 8. h5 Bh7 9. Bd3 Bxd3 10. Qxd3 Ngf6 11. Bd2 Qc7 12. Ne4 e6 13. g3 Nxe4 14. Qxe4 Bd6 15. 0-0-0 0-0-0 16. c4 c5 17. Kb1 Nf6 18. Qe2 Qc6 19. Rh4 Kb8 20. Bc3 Ka8 21. d5 exd5 22. Bxf6 gxf6 23. cxd5 Qd7 24. Re4 Rhe8 25. Re1 Qf5 26. Nh4 Qh7 27. Kc1 Re5 28. Rxe5 fxe5 29. Qf3 Qg7 30. Nf5 Qg5+ 31. Kc2 f6 32. g4 Kb8 33. Qe4 Kc7 34. f3 Bf8 35. Rd1 Bd6 36. Qe3 Qxe3 37. Nxe3 Bf8 38. Kd3 b5 39. Ke4 c4 40. Kf5 Bc5 41. Nc2 Rd6 42. b4 cxb3 43. axb3 Ra6 44. Kg6 Ra2 45. Rc1 Kd6 46. Kxh6 Kxd5 47. Kg7 Ra6 48. h6 f5 49. h7 1-0

[Event "IND-chB (Women)"]
[Site "Shilpgram"]
[Date "2010.08.23"]
[Round "5"]
[White "Savetha, CH."]
[Black "Shweta, Gole"]
[Result "0-1"]
[WhiteElo "2008"]
[BlackElo "1806"]
[PlyCount "64"]
[EventDate "2010.08.20"]
[EventType "swiss"]
[EventRounds "11"]
[EventCountry "IND"]
[SourceTitle "CBM 138 Extra"]
[Source "ChessBase"]
[SourceDate "2010.10.29"]
[SourceVersion "1"]
[SourceVersionDate "2010.10.29"]
[SourceQuality "1"]

1. e4 e6 2. d4 d5 3. Nc3 Nf6 4. Bg5 Be7 5. e5 Nfd7 6. Bxe7 Qxe7 7. f4 a6 8. Nf3 c5 9. Bd3 Nc6 10. dxc5 Qxc5 11. Qd2 b5 12. Qf2 Qb4 13. Rb1 Qxf4 14. Ne2 Qb4+ 15. c3 Ndxe5 16. Nxe5 Nxe5 17. Bc2 Qe7 18. Qg3 Ng6 19. h4 Qf6 20. h5 Ne7 21. Rf1 Qh6 22. Qf3 0-0 23. g4 e5 24. Rd1 Be6 25. Bf5 Qg5 26. Qh3 Rac8 27. Rd3 b4 28. Re3 bxc3 29. bxc3 e4 30. Rg3 Rb8 31. Nd4 Rb1+ 32. Ke2 Rb2+ 0-1

[Event "Commonwealth-ch"]
[Site "New Delhi"]
[Date "2010.05.11"]
[Round "3"]
[White "Savetha, CH."]
[Black "Shyam, Sundar M"]
[Result "0-1"]
[WhiteElo "2014"]
[BlackElo "2372"]
[PlyCount "74"]
[EventDate "2010.05.10"]
[EventType "swiss"]
[EventRounds "11"]
[EventCountry "IND"]
[SourceTitle "CBM 136 Extra"]
[Source "ChessBase"]
[SourceDate "2010.07.02"]
[SourceVersion "2"]
[SourceVersionDate "2010.07.15"]
[SourceQuality "1"]

1. e4 e5 2. Nf3 Nc6 3. d4 exd4 4. Nxd4 Qf6 5. Nxc6 Bc5 6. Qf3 bxc6 7. Be2 d6 8. Nd2 Qg6 9. Qg3 Ne7 10. Qxg6 Nxg6 11. Nb3 Bb6 12. Bd2 0-0 13. 0-0 f5 14. exf5 Bxf5 15. c3 Rab8 16. Kh1 Rbe8 17. Nc1 d5 18. c4 Ne5 19. cxd5 cxd5 20. h3 Bg6 21. f4 Nc4 22. Bxc4 dxc4 23. a4 Bd4 24. Bc3 Bxc3 25. bxc3 Re3 26. Na2 a5 27. Rf2 Be4 28. Kh2 g5 29. g3 gxf4 30. gxf4 Kf7 31. Rg1 Rd8 32. Rg3 Rdd3 33. Rxe3 Rxe3 34. Rd2 Kf6 35. Rf2 h5 36. h4 Kf5 37. Kg1 Re1+ 0-1

[Event "IND-ch (Women)"]
[Site "Chennai"]
[Date "2009.12.11"]
[Round "10"]
[White "Savetha, CH."]
[Black "Saranya, J."]
[Result "0-1"]
[WhiteElo "1986"]
[BlackElo "2146"]
[PlyCount "98"]
[EventDate "2009.12.02"]
[EventType "swiss"]
[EventRounds "11"]
[EventCountry "IND"]
[SourceTitle "EXT 2011"]
[Source "ChessBase"]
[SourceDate "2010.11.26"]
[SourceVersion "1"]
[SourceVersionDate "2010.11.26"]
[SourceQuality "1"]

1. e4 c5 2. Nf3 d6 3. d4 cxd4 4. Nxd4 Nf6 5. Nc3 a6 6. f4 e6 7. Be2 Be7 8. 0-0 0-0 9. Kh1 b5 10. a3 Bb7 11. Bf3 Qc7 12. Qe1 Nbd7 13. Qg3 Rac8 14. f5 e5 15. Bh6 Ne8 16. Nde2 Kh8 17. Be3 Nef6 18. Rad1 Nc5 19. Bxc5 dxc5 20. Nd5 Bxd5 21. Rxd5 Nxd5 22. exd5 b4 23. Be4 f6 24. Rf3 a5 25. Qh4 c4 26. Rh3 h6 27. a4 b3 28. Qh5 Bb4 29. c3 Bd6 30. Qg6 Qf7 31. Qg4 Qe8 32. Rg3 Rc7 33. Rf3 Qxa4 34. Rf1 Qd7 35. h4 a4 36. Qh3 Kg8 37. g4 Kf7 38. g5 hxg5 39. hxg5 Rcc8 40. Qh5+ Ke7 41. Qg6 Kd8 42. Ng3 Qf7 43. Qxf7 Rxf7 44. g6 Ra7 45. Bb1 Rc5 46. Rd1 a3 47. Ne4 a2 48. Bxa2 bxa2 49. Ra1 Rxd5 0-1

[Event "IND-ch (Women)"]
[Site "Chennai"]
[Date "2009.12.06"]
[Round "5"]
[White "Savetha, CH."]
[Black "Mohota, Nisha"]
[Result "1/2-1/2"]
[WhiteElo "1986"]
[BlackElo "2351"]
[PlyCount "46"]
[EventDate "2009.12.02"]
[EventType "swiss"]
[EventRounds "11"]
[EventCountry "IND"]
[SourceTitle "EXT 2011"]
[Source "ChessBase"]
[SourceDate "2010.11.26"]
[SourceVersion "1"]
[SourceVersionDate "2010.11.26"]
[SourceQuality "1"]

1. e4 Nf6 2. Nc3 d5 3. exd5 Nxd5 4. Bc4 Nb6 5. Bb3 Nc6 6. d3 g6 7. Be3 Bg7 8. Nf3 0-0 9. h3 Na5 10. Qd2 Nxb3 11. axb3 Nd5 12. Bh6 c6 13. 0-0 Re8 14. Bxg7 Kxg7 15. Rfe1 f6 16. d4 Bf5 17. Ne4 b6 18. c4 Nc7 19. Ng3 Be6 20. Re2 Qd7 21. Qc3 Bf7 22. Rae1 g5 23. d5 Kf8 1/2-1/2

[Event "IND-ch (Women)"]
[Site "Chennai"]
[Date "2009.12.03"]
[Round "2"]
[White "Savetha, CH."]
[Black "Bhakti, Kulkarni"]
[Result "0-1"]
[WhiteElo "1986"]
[BlackElo "2263"]
[PlyCount "72"]
[EventDate "2009.12.02"]
[EventType "swiss"]
[EventRounds "11"]
[EventCountry "IND"]
[SourceTitle "EXT 2011"]
[Source "ChessBase"]
[SourceDate "2010.11.26"]
[SourceVersion "1"]
[SourceVersionDate "2010.11.26"]
[SourceQuality "1"]

1. e4 c6 2. d4 d5 3. Nc3 dxe4 4. Nxe4 Nf6 5. Nxf6+ gxf6 6. Be3 Bf5 7. Nf3 Nd7 8. Nh4 Bg6 9. Nxg6 hxg6 10. Qd2 Qc7 11. 0-0-0 0-0-0 12. h3 Nb6 13. Qa5 Kb8 14. c4 Rh5 15. c5 Nd5 16. Qxc7+ Kxc7 17. Be2 Rh4 18. Bg4 Nxe3 19. fxe3 f5 20. g3 Rh8 21. Bf3 Bh6 22. Rhe1 Bg7 23. h4 g5 24. Rh1 f4 25. hxg5 fxe3 26. d5 cxd5 27. Rxd5 Rxh1+ 28. Bxh1 Rh8 29. Rd1 Rh2 30. Re1 Bxb2+ 31. Kb1 Bc3 32. Rxe3 Rxh1+ 33. Kc2 Be1 34. Rxe7+ Kc6 35. Rxf7 Bxg3 36. g6 Rg1 0-1

[Event "IND-ch U17 Girls 20th"]
[Site "Chakradharpur"]
[Date "2009.10.13"]
[Round "10"]
[White "Bharathi, R."]
[Black "Savetha, CH."]
[Result "1-0"]
[WhiteElo "2160"]
[BlackElo "1899"]
[PlyCount "123"]
[EventDate "2009.10.07"]
[EventType "swiss"]
[EventRounds "11"]
[EventCountry "IND"]
[SourceTitle "CBM 132 Extra"]
[Source "ChessBase"]
[SourceDate "2009.11.03"]
[SourceVersion "1"]
[SourceVersionDate "2009.11.03"]
[SourceQuality "1"]

1. e4 c5 2. Nf3 Nc6 3. d4 cxd4 4. Nxd4 Nf6 5. Nc3 e5 6. Ndb5 d6 7. Bg5 a6 8. Na3 b5 9. Nd5 Be7 10. Bxf6 Bxf6 11. c4 b4 12. Nc2 Rb8 13. b3 Bg5 14. g3 0-0 15. Bg2 a5 16. 0-0 Ne7 17. Nde3 Qb6 18. Qd3 f5 19. exf5 Nxf5 20. Be4 g6 21. Rad1 Nxe3 22. Nxe3 Bxe3 23. Qxe3 Qxe3 24. fxe3 Bh3 25. Rxf8+ Rxf8 26. Bg2 Bxg2 27. Kxg2 e4 28. Rd4 Rf5 29. g4 Rg5 30. Kg3 h5 31. h3 hxg4 32. hxg4 Re5 33. Kh4 Re6 34. Kg5 Kg7 35. Rd5 Rf6 36. Rxa5 Rf3 37. Ra7+ Kf8 38. Kxg6 Rxe3 39. Kf5 Re2 40. Kf4 Ke8 41. Ra4 Rg2 42. Rxb4 e3 43. Kxe3 Rxg4 44. a4 d5 45. Rb8+ Kd7 46. cxd5 Kd6 47. Rb5 Rg3+ 48. Kd4 Rg4+ 49. Kc3 Rg3+ 50. Kb4 Rg4+ 51. Ka3 Rg5 52. a5 Rg7 53. Ka4 Ra7 54. b4 Ra8 55. Rb6+ Kxd5 56. Kb5 Kd4 57. a6 Rh8 58. a7 Rh5+ 59. Ka6 Rh8 60. Rb8 Rh6+ 61. Ka5 Rh5+ 62. b5 1-0

[Event "IND-ch U20 Girls"]
[Site "Chennai"]
[Date "2009.09.27"]
[Round "10"]
[White "Gagare, Shalmali"]
[Black "Savetha, CH."]
[Result "0-1"]
[WhiteElo "2165"]
[BlackElo "1899"]
[PlyCount "146"]
[EventDate "2009.09.20"]
[EventType "swiss"]
[EventRounds "11"]
[EventCountry "IND"]
[SourceTitle "CBM 132 Extra"]
[Source "ChessBase"]
[SourceDate "2009.11.03"]
[SourceVersion "1"]
[SourceVersionDate "2009.11.03"]
[SourceQuality "1"]

1. c4 Nf6 2. Nf3 e6 3. d4 d5 4. g3 Be7 5. Bg2 0-0 6. 0-0 b6 7. Nc3 Bb7 8. cxd5 Nxd5 9. Qc2 Nd7 10. Rd1 Nxc3 11. bxc3 Nf6 12. c4 Qc8 13. Bb2 Rd8 14. c5 Be4 15. Qc4 Qb7 16. Rac1 bxc5 17. Ba3 Bd5 18. Qa4 Bc6 19. Qa5 Qb6 20. Qe1 Nd7 21. dxc5 Qa6 22. Qc3 Bf6 23. Qe3 Rab8 24. h4 Bb2 25. Bxb2 Rxb2 26. Ne5 Bxg2 27. Kxg2 f6 28. Qd4 Qxe2 29. Nd3 Rbb8 30. Qc4 Nf8 31. Qc2 Qxc2 32. Rxc2 Rd5 33. Kf3 Rbd8 34. Ke2 e5 35. Rcd2 Ne6 36. Ke3 f5 37. f4 e4 38. Ne5 Rxd2 39. Rxd2 Rxd2 40. Kxd2 Nxc5 41. Nc6 Kf7 42. Nxa7 Kg6 43. Nb5 Kh5 44. Nxc7 Kg4 45. Ke3 Kxg3 46. h5 Kg4 47. Kd4 Na4 48. Ne6 Kxh5 49. Nxg7+ Kg4 50. Ke5 e3 51. Nxf5 e2 52. Ne3+ Kg3 53. Nc2 h5 54. f5 Nc5 55. Kd5 Nd3 56. f6 Nb4+ 57. Kc4 Nxc2 58. f7 e1Q 59. f8Q Qe4+ 60. Kb3 Qf3+ 61. Qxf3+ Kxf3 62. a4 Nd4+ 63. Kc4 h4 64. a5 Nc6 65. a6 h3 66. Kc5 h2 67. Kxc6 h1Q 68. Kb7 Qh7+ 69. Ka8 Qg8+ 70. Kb7 Qf7+ 71. Kb8 Qe8+ 72. Kb7 Qb5+ 73. Ka7 Qc6 0-1

[Event "IND Challenger (Women)"]
[Site "Nagpur"]
[Date "2009.09.09"]
[Round "4"]
[White "Thipsay, Bagyashree Sathe"]
[Black "Savetha, CH."]
[Result "1/2-1/2"]
[WhiteElo "2186"]
[BlackElo "1899"]
[PlyCount "105"]
[EventDate "2009.09.07"]
[EventType "swiss"]
[EventRounds "11"]
[EventCountry "IND"]
[SourceTitle "CBM 132 Extra"]
[Source "ChessBase"]
[SourceDate "2009.11.03"]
[SourceVersion "1"]
[SourceVersionDate "2009.11.03"]
[SourceQuality "1"]

1. e4 c5 2. Nf3 Nc6 3. d4 cxd4 4. Nxd4 Nf6 5. Nc3 e5 6. Ndb5 d6 7. Nd5 Nxd5 8. exd5 Nb8 9. a4 Be7 10. Be2 0-0 11. 0-0 f5 12. f4 Bf6 13. c3 a6 14. Na3 Nd7 15. Nc4 Qe7 16. a5 Rb8 17. Kh1 exf4 18. Bxf4 Ne5 19. Nxe5 Bxe5 20. Bxe5 Qxe5 21. Bf3 b6 22. axb6 Rxb6 23. Qd2 Bd7 24. Rfe1 Qf6 25. b4 Rc8 26. Qe3 Rb7 27. Rec1 f4 28. Qd2 Rb6 29. Qf2 Rb7 30. Qd2 Rb6 31. Be2 Bb5 32. Bg4 Rc4 33. Rf1 Qxc3 34. Be6+ Kh8 35. Qxc3 Rxc3 36. Rxf4 Rb8 37. h3 Rc4 38. Raf1 Rxf4 39. Rxf4 g5 40. Rg4 h6 41. h4 Be2 42. Re4 Bd1 43. hxg5 hxg5 44. Rc4 Be2 45. Re4 Bd1 46. Bd7 Kg7 47. Bc6 Bc2 48. Rc4 Bb3 49. Rd4 Bc2 50. Kh2 Kf6 51. Kg3 Ke5 52. Rg4 Kf6 53. Rd4 1/2-1/2

[Event "IND-ch (Women)"]
[Site "Pune"]
[Date "2007.11.15"]
[Round "11"]
[White "Preethi, Rajkumar"]
[Black "Savetha, CH."]
[Result "1-0"]
[WhiteElo "2125"]
[BlackElo "1968"]
[PlyCount "73"]
[EventDate "2007.11.06"]
[EventType "swiss"]
[EventRounds "11"]
[EventCountry "IND"]
[SourceTitle "EXT 2008"]
[Source "ChessBase"]
[SourceDate "2007.11.25"]
[SourceVersion "1"]
[SourceVersionDate "2007.11.25"]
[SourceQuality "1"]

1. e4 c5 2. Nf3 Nc6 3. d4 cxd4 4. Nxd4 Nf6 5. Nc3 e5 6. Ndb5 d6 7. Bg5 a6 8. Na3 b5 9. Nd5 Be7 10. Bxf6 Bxf6 11. c3 Bg5 12. Nc2 0-0 13. Nce3 Be6 14. a4 bxa4 15. Qxa4 Ne7 16. Bc4 Bxd5 17. Nxd5 Nxd5 18. Bxd5 Rb8 19. Ra2 Qb6 20. 0-0 Qb5 21. Qd1 Rb6 22. b4 Qd7 23. Qd3 Rc8 24. Rfa1 Qb5 25. Qf3 Bf6 26. Ra5 Qd7 27. Rxa6 Rxa6 28. Rxa6 Qc7 29. g3 h6 30. b5 Rb8 31. c4 Rb6 32. Qa3 Rxa6 33. bxa6 Qa7 34. Qxd6 Kh7 35. Bb7 Bg5 36. c5 Bf6 37. Qb6 1-0

[Event "IND-chB (Women) 34th"]
[Site "Hyderabad"]
[Date "2007.05.21"]
[Round "?"]
[White "Manasa, K."]
[Black "Savetha, CH."]
[Result "1/2-1/2"]
[WhiteElo "1896"]
[BlackElo "1971"]
[PlyCount "51"]
[EventDate "2007.05.21"]
[EventType "swiss"]
[EventRounds "11"]
[EventCountry "IND"]
[SourceTitle "EXT 2010"]
[Source "ChessBase"]
[SourceDate "2010.11.25"]
[SourceVersion "1"]
[SourceVersionDate "2010.11.25"]
[SourceQuality "1"]

1. e4 e5 2. Nf3 Nf6 3. Nxe5 d6 4. Nf3 Nxe4 5. Qe2 Qe7 6. d3 Nf6 7. Bg5 Qxe2+ 8. Bxe2 Nd5 9. a3 h6 10. Bd2 Be7 11. Nc3 Nxc3 12. Bxc3 0-0 13. 0-0 Nc6 14. Rfe1 Re8 15. Nd4 Nxd4 16. Bxd4 Bd7 17. Bf3 c6 18. Re2 Be6 19. Rae1 d5 20. h3 Kf8 21. Bh5 Bd6 22. Bg4 c5 23. Bxe6 fxe6 24. Be5 Bxe5 25. Rxe5 Kf7 26. f4 1/2-1/2

[Event "IND-chB (Women) 34th"]
[Site "Hyderabad"]
[Date "2007.05.21"]
[Round "?"]
[White "Savetha, CH."]
[Black "Pranali, M Patil"]
[Result "1-0"]
[WhiteElo "1971"]
[BlackElo "1862"]
[PlyCount "39"]
[EventDate "2007.05.21"]
[EventType "swiss"]
[EventRounds "11"]
[EventCountry "IND"]
[SourceTitle "EXT 2010"]
[Source "ChessBase"]
[SourceDate "2010.11.25"]
[SourceVersion "1"]
[SourceVersionDate "2010.11.25"]
[SourceQuality "1"]

1. e4 e5 2. Nf3 Nc6 3. d4 exd4 4. Nxd4 Qf6 5. Be3 Bc5 6. c3 Nge7 7. Bc4 Qg6 8. 0-0 Bxd4 9. cxd4 Qxe4 10. Nc3 Qg6 11. Nb5 Kd8 12. d5 a6 13. Nxc7 Kxc7 14. dxc6 Nxc6 15. Rc1 b5 16. Bd5 Bb7 17. Qd4 Kc8 18. Bf4 Kd8 19. Qb6+ Ke8 20. Qxb7 1-0